| 000 | 00476nam a2200193Ia 4500 | ||
|---|---|---|---|
| 003 | OSt | ||
| 005 | 20230317164458.0 | ||
| 008 | 210423s2003 xx 000 0 und d | ||
| 040 | _cAL | ||
| 041 | _aeng | ||
| 082 |
_a547.28 _223 _bAROM |
||
| 100 |
_aARORA (M G);others. _976303 |
||
| 245 | _aPolymer chemistry. | ||
| 260 |
_aNew Delhi _bAffiliated East West Press Ltd _c2003 |
||
| 300 | _a438 | ||
| 365 |
_b120 _cINR |
||
| 906 | _achemistry. ; Polymer | ||
| 942 |
_2ddc _cBK |
||
| 999 |
_c153766 _d153766 |
||